000 00567nam a22001817a 4500
005 20231108114853.0
008 231108b |||||||| |||| 00| 0 eng d
020 _a040903536
041 _aEnglish
082 _a346.3 ISA
100 _aKlopper, HB
_lEnglish
245 _aIsaacs and Leveson: The Law of Collisions in South Africa /
_cHB Klopper
250 _aSeventh Edition
260 _aDurban :
_bLexisNexis Butterworths,
_c2003
300 _bxvi, 335 pages ;
_c25 cm.
650 _aLegal practice
_bLaw
942 _cBK
_6ALISON_BN_VRIES
999 _c427
_d427